Stateless Nations by Population - Statistics

General Stats
  • This quiz has been taken 78 times
  • The average score is 6 of 10
Answer Stats
Population in millions States Nation % Correct
45.5 Iran, Turkey, Iraq, Syria Kurds
99%
15 China, Kazakhstan, Russia, Kyrgyzstan, Uzbekistan Uyghur people
72%
12.5 South Africa, Lesotho, Zimbabwe Zulu people
69%
30 Nigeria Igbo people
67%
35.5 Nigeria, Benin, Togo Yoruba people
63%
12.5 Germany Bavarian people
58%
16 France, Monaco, Italy, Spain Occitan people
49%
10 Pakistan, Iran, Afghanistan Balochi people
34%
10 Algeria Kabyle people
27%
15 India Assamese people
25%
No matching quizzes found
Score Distribution
Percent of People with Each Score
Percentile by Number Answered
Your Score History
You have not taken this quiz